000 00613nam a22001937a 4500
005 20251108165209.0
008 250721s1991 xx 000 0 ara d
082 1 4 _a910.4/كول
100 1 _aكولينات، كلاس
245 1 0 _aجغرافية السياحة و وقت الفراغ /
264 1 _aعمان :
_bالجامعه الأردنيه - عمارة البحث العلمي،
_c1991.
300 _a228ص
650 1 7 _aالسفر
650 1 7 _aالسياحه
700 1 _aشتاينكه، البرت
700 1 _aبرهم، نسيم فارس
_eترجمة
942 _2ddc
_cBK
999 _c21865
_d21865